| 000 | 00652nam a2200217Ia 4500 | ||
|---|---|---|---|
| 005 | 20241129105736.0 | ||
| 008 | 241129s9999||||xx |||||||||||||| ||und|| | ||
| 020 | _a978-93-87199-68-2 | ||
| 037 | _aTB | ||
| 040 |
_aARTS _beng _cARTS |
||
| 041 |
_ahin _2san |
||
| 084 |
_aO15,1N254,DM 152R0 _qARTS |
||
| 100 |
_aAbhilasha Kumari Au. _9724578 |
||
| 245 | 0 |
_aDevyanicharit - mahakavaysay samikashatamakmadhayanam _cAbhilasha Kumari Au. |
|
| 260 |
_aVaranasi, India _bKala Prakashan _c2022 |
||
| 300 | _a176p. | ||
| 365 |
_aINR _b550 |
||
| 650 |
_aSanskrit Poetry _9155567 |
||
| 942 |
_cTB _hO15,1N254,DM R0 |
||
| 999 |
_c1225727 _d1225727 |
||